<?xml version="1.0" encoding="UTF-8"?>
<record
    xmlns:xsi="http://www.w3.org/2001/XMLSchema-instance"
    xsi:schemaLocation="http://www.loc.gov/MARC21/slim http://www.loc.gov/standards/marcxml/schema/MARC21slim.xsd"
    xmlns="http://www.loc.gov/MARC21/slim">

  <leader>00592nam a22001337a 4500</leader>
  <datafield tag="040" ind1=" " ind2=" ">
    <subfield code="c">RUA</subfield>
  </datafield>
  <datafield tag="082" ind1=" " ind2=" ">
    <subfield code="a">AGR SAE 2020 B1.598 Or.</subfield>
  </datafield>
  <datafield tag="100" ind1=" " ind2=" ">
    <subfield code="a">SAE OTARA. &#x179F;&#x17C3; &#x17A7;&#x178F;&#x17D2;&#x178F;&#x179A;&#x17B6;</subfield>
  </datafield>
  <datafield tag="245" ind1=" " ind2=" ">
    <subfield code="a">EVALUATION OF PERFORMANCE OF VARIOUS BELL PEPPER (CAPSICUM ANNUUM L.) VARIETIES. &#x179C;&#x17B6;&#x1799;&#x178F;&#x1798;&#x17D2;&#x179B;&#x17C3;&#x1780;&#x17B6;&#x179A;&#x179F;&#x17C6;&#x178A;&#x17C2;&#x1784;&#x1780;&#x1798;&#x17D2;&#x1798;&#x1793;&#x17C3;&#x1796;&#x17BC;&#x1787;&#x1798;&#x17D2;&#x1791;&#x17C1;&#x179F;&#x17A0;&#x17B6;&#x179C;&#x17C9;&#x17C3;&#x1795;&#x17D2;&#x179F;&#x17C1;&#x1784;&#x17D7;&#x1782;&#x17D2;&#x1793;&#x17B6;</subfield>
  </datafield>
  <datafield tag="260" ind1=" " ind2=" ">
    <subfield code="a">Phnom Penh</subfield>
    <subfield code="b">RUA</subfield>
    <subfield code="c">2020</subfield>
  </datafield>
  <datafield tag="300" ind1=" " ind2=" ">
    <subfield code="a">X.29P</subfield>
    <subfield code="b">VII.</subfield>
    <subfield code="c">29CM</subfield>
  </datafield>
  <datafield tag="856" ind1=" " ind2=" ">
    <subfield code="u">https://drive.google.com/file/d/1c5dmFel9-5X3llI92s8d-Mw4QwgzgXii/view?usp=sharing</subfield>
  </datafield>
  <datafield tag="942" ind1=" " ind2=" ">
    <subfield code="c">AGR</subfield>
  </datafield>
  <datafield tag="999" ind1=" " ind2=" ">
    <subfield code="c">21595</subfield>
    <subfield code="d">21595</subfield>
  </datafield>
  <datafield tag="952" ind1=" " ind2=" ">
    <subfield code="0">0</subfield>
    <subfield code="1">0</subfield>
    <subfield code="2">ddc</subfield>
    <subfield code="4">0</subfield>
    <subfield code="6">AGR_SAE_2020_000000000000000_B1_598_OR</subfield>
    <subfield code="7">0</subfield>
    <subfield code="9">93661</subfield>
    <subfield code="a">LBB</subfield>
    <subfield code="b">LBB</subfield>
    <subfield code="c">B1.598</subfield>
    <subfield code="d">2023-08-07</subfield>
    <subfield code="o">AGR SAE 2020 B1.598 Or.</subfield>
    <subfield code="p">a074439</subfield>
    <subfield code="r">2023-08-07</subfield>
    <subfield code="w">2023-08-07</subfield>
    <subfield code="y">AGR</subfield>
  </datafield>
  <datafield tag="952" ind1=" " ind2=" ">
    <subfield code="0">0</subfield>
    <subfield code="1">0</subfield>
    <subfield code="2">ddc</subfield>
    <subfield code="4">0</subfield>
    <subfield code="6">AGR_SAE_2020_000000000000000_B1_598_OR</subfield>
    <subfield code="7">0</subfield>
    <subfield code="9">93662</subfield>
    <subfield code="a">LBB</subfield>
    <subfield code="b">LBB</subfield>
    <subfield code="c">B1.598</subfield>
    <subfield code="d">2023-08-07</subfield>
    <subfield code="o">AGR SAE 2020 B1.598 Or.</subfield>
    <subfield code="p">a074443</subfield>
    <subfield code="r">2023-08-07</subfield>
    <subfield code="w">2023-08-07</subfield>
    <subfield code="y">AGR</subfield>
  </datafield>
  <datafield tag="952" ind1=" " ind2=" ">
    <subfield code="0">0</subfield>
    <subfield code="1">0</subfield>
    <subfield code="2">ddc</subfield>
    <subfield code="4">0</subfield>
    <subfield code="6">AGR_SAE_2020_000000000000000_B1_598_OR</subfield>
    <subfield code="7">0</subfield>
    <subfield code="9">93663</subfield>
    <subfield code="a">LBB</subfield>
    <subfield code="b">LBB</subfield>
    <subfield code="c">B1.598</subfield>
    <subfield code="d">2023-08-07</subfield>
    <subfield code="l">1</subfield>
    <subfield code="o">AGR SAE 2020 B1.598 Or.</subfield>
    <subfield code="p">a074447</subfield>
    <subfield code="r">2023-11-20</subfield>
    <subfield code="s">2023-11-03</subfield>
    <subfield code="w">2023-08-07</subfield>
    <subfield code="y">AGR</subfield>
  </datafield>
  <datafield tag="952" ind1=" " ind2=" ">
    <subfield code="0">0</subfield>
    <subfield code="1">0</subfield>
    <subfield code="2">ddc</subfield>
    <subfield code="4">0</subfield>
    <subfield code="6">AGR_SAE_2020_000000000000000_B1_598_OR</subfield>
    <subfield code="7">0</subfield>
    <subfield code="9">93664</subfield>
    <subfield code="a">LBB</subfield>
    <subfield code="b">LBB</subfield>
    <subfield code="c">B1.598</subfield>
    <subfield code="d">2023-08-07</subfield>
    <subfield code="o">AGR SAE 2020 B1.598 Or.</subfield>
    <subfield code="p">a074435</subfield>
    <subfield code="r">2023-08-07</subfield>
    <subfield code="w">2023-08-07</subfield>
    <subfield code="y">AGR</subfield>
  </datafield>
  <datafield tag="952" ind1=" " ind2=" ">
    <subfield code="0">0</subfield>
    <subfield code="1">0</subfield>
    <subfield code="2">ddc</subfield>
    <subfield code="4">0</subfield>
    <subfield code="6">AGR_SAE_2020_000000000000000_B1_598_OR</subfield>
    <subfield code="7">0</subfield>
    <subfield code="9">93665</subfield>
    <subfield code="a">LBB</subfield>
    <subfield code="b">LBB</subfield>
    <subfield code="c">B1.598</subfield>
    <subfield code="d">2023-08-07</subfield>
    <subfield code="o">AGR SAE 2020 B1.598 Or.</subfield>
    <subfield code="p">a074451</subfield>
    <subfield code="r">2023-08-07</subfield>
    <subfield code="w">2023-08-07</subfield>
    <subfield code="y">AGR</subfield>
  </datafield>
  <datafield tag="952" ind1=" " ind2=" ">
    <subfield code="0">0</subfield>
    <subfield code="1">0</subfield>
    <subfield code="2">ddc</subfield>
    <subfield code="4">0</subfield>
    <subfield code="6">AGR_SAE_2020_000000000000000_B1_598_OR</subfield>
    <subfield code="7">0</subfield>
    <subfield code="9">93666</subfield>
    <subfield code="a">LBB</subfield>
    <subfield code="b">LBB</subfield>
    <subfield code="c">B1.598</subfield>
    <subfield code="d">2023-08-07</subfield>
    <subfield code="o">AGR SAE 2020 B1.598 Or.</subfield>
    <subfield code="p">a074459</subfield>
    <subfield code="r">2023-08-07</subfield>
    <subfield code="w">2023-08-07</subfield>
    <subfield code="y">AGR</subfield>
  </datafield>
</record>
